000 00470ntaaa2200181 4500
003 01
005 20251027201606.0
008 0714s1973 ag 01
040 _aAR-BaBN
_bspa
_cAR-BaBN
_eaacr
_dRIC
082 _a230.0000 Sh6
100 _aShimmin, Francis Neil
_914522
245 _aPermanent Values of Religion
250 _a1 ed. :
_bW. A. Hammond,
_cc/914
300 _aviii, 230 p.
500 _aThe sixteeth Hartley Lecture.
650 _aTeologĂ­a
942 _cBK
999 _c10498
_d10498